00357 2200145 4500001002100000005001500021035002000036245004400056100002100100300001200121260003200133082000800165084001400173990002400187INLIS00000000000221720250527014853 a0010-05250005091 aMenggapai Cita-Cita /cTuwuh Trisyanadi0 aTuwuh Trisyanadi a175 hlm bPustaka Insan Madani,c2007 a300 a300 TUW m a0713151 s/d 0713150